[Event "Rubinstein Memorial op-D 57th"]
[Site "Polanica Zdroj"]
[Date "2021.08.15"]
[Round "2"]
[White "Kasprzak, Lukasz"]
[Black "Madrawski, Krzysztof"]
[Result "1/2-1/2"]
[WhiteElo "1627"]
[BlackElo "1999"]
[PlyCount "35"]
[EventDate "2021.08.14"]
[EventType "swiss"]
[EventRounds "9"]
[EventCountry "POL"]
[SourceTitle "CBM 204 Extra"]
[Source "ChessBase"]
[SourceDate "2021.11.30"]
[SourceVersion "1"]
[SourceVersionDate "2021.11.30"]
[SourceQuality "1"]

1. e4 c5 2. Nf3 Nc6 3. d4 cxd4 4. Nxd4 e5 5. Nb5 d6 6. N1c3 a6 7. Na3 f5 8. exf5 Bxf5 9. Bd3 Be6 10. Bc4 Qd7 11. Bxe6 Qxe6 12. Nd5 Rc8 13. Nc4 Nd4 14. Nce3 Ne7 15. Nxe7 Bxe7 16. c3 Nf5 17. Nxf5 Qxf5 18. Qd5 1/2-1/2

[Event "Opole Termika Rapid op"]
[Site "Opole"]
[Date "2021.07.17"]
[Round "8"]
[White "Madrawski, Krzysztof"]
[Black "Kolosowski, Mateusz"]
[Result "1-0"]
[WhiteElo "1999"]
[BlackElo "2448"]
[PlyCount "101"]
[EventDate "2021.07.17"]
[EventType "swiss (rapid)"]
[EventRounds "9"]
[EventCountry "POL"]
[SourceTitle "CBM 203 Extra"]
[Source "ChessBase"]
[SourceDate "2021.09.30"]
[SourceVersion "1"]
[SourceVersionDate "2021.09.30"]
[SourceQuality "1"]

1. Nf3 c5 2. c4 Nc6 3. g3 g6 4. Bg2 Bg7 5. 0-0 e6 6. Nc3 Nge7 7. b3 0-0 8. Bb2 d6 9. e3 e5 10. Nd5 Nxd5 11. cxd5 Ne7 12. Ne1 f5 13. d3 b6 14. f4 Bb7 15. e4 h6 16. Qd2 Kh7 17. Nc2 b5 18. Rae1 Qd7 19. exf5 Nxf5 20. fxe5 dxe5 21. Bxe5 Bxd5 22. Bxg7 Nxg7 23. Ne3 Bxg2 24. Kxg2 Rad8 25. Qc3 Qc6+ 26. Kg1 h5 27. Ng2 Rxf1+ 28. Rxf1 Rd7 29. Rc1 Ne6 30. b4 c4 31. dxc4 Nd4 32. Qb2 Nf3+ 33. Kh1 Rd2 34. Qc3 Qe4 35. Rf1 Rd3 36. Qf6 bxc4 37. Qf7+ Kh6 38. Qf8+ Kg5 39. Qc5+ Qf5 40. Qxa7 Qh3 41. Qe7+ Kh6 42. Qf8+ Kh7 43. Qf7+ Kh6 44. Rxf3 Rd1+ 45. Rf1 Rxf1+ 46. Qxf1 Qe6 47. Nf4 Qe4+ 48. Kg1 c3 49. Qc1 Qd4+ 50. Kf1 Qc4+ 51. Ne2+ 1-0

[Event "Katowice POL-HUN 6th"]
[Site "Katowice"]
[Date "2018.05.06"]
[Round "9"]
[White "Socko, Monika"]
[Black "Madrawski, Krzysztof"]
[Result "1/2-1/2"]
[WhiteElo "2458"]
[BlackElo "2068"]
[PlyCount "52"]
[EventDate "2018.05.05"]
[EventType "swiss (rapid)"]
[EventRounds "9"]
[EventCountry "POL"]
[SourceTitle "CBM 184 Extra"]
[Source "ChessBase"]
[SourceDate "2018.06.28"]
[SourceVersion "1"]
[SourceVersionDate "2018.06.28"]
[SourceQuality "1"]

1. d4 Nf6 2. c4 b6 3. Nf3 Bb7 4. g3 g6 5. Bg2 Bg7 6. 0-0 0-0 7. Nc3 Ne4 8. Qc2 Nxc3 9. bxc3 d6 10. e4 Nc6 11. Rd1 e5 12. Bg5 Qe8 13. Rac1 Na5 14. dxe5 dxe5 15. c5 bxc5 16. Be3 Qc6 17. Rd5 Nc4 18. Bxc5 Rfd8 19. Rxd8+ Rxd8 20. Bxa7 Qxe4 21. Qxe4 Bxe4 22. Nxe5 Bxg2 23. Nxc4 Bd5 24. Rd1 Bf6 25. Ne3 Bxa2 26. Bd4 Be7 1/2-1/2

[Event "EU-ch blitz"]
[Site "Katowice"]
[Date "2017.12.15"]
[Round "12"]
[White "Gazik, Igor"]
[Black "Madrawski, Krzysztof"]
[Result "1-0"]
[WhiteElo "2257"]
[BlackElo "2052"]
[PlyCount "47"]
[EventDate "2017.12.15"]
[EventType "swiss (blitz)"]
[EventRounds "22"]
[EventCountry "POL"]
[SourceTitle "CBM 182 Extra"]
[Source "ChessBase"]
[SourceDate "2018.02.23"]
[SourceVersion "1"]
[SourceVersionDate "2018.02.23"]
[SourceQuality "1"]

1. d4 b6 2. e4 Bb7 3. Bd3 e6 4. Nf3 d5 5. e5 c5 6. c3 Qd7 7. Qe2 a5 8. Bb5 Bc6 9. Na3 Bxb5 10. Nxb5 Nc6 11. Bf4 Nh6 12. 0-0 Be7 13. Rad1 Nf5 14. dxc5 Bxc5 15. c4 d4 16. Qe4 h5 17. Nbxd4 Nfxd4 18. Nxd4 Bxd4 19. Rxd4 Qxd4 20. Qxc6+ Ke7 21. Qb7+ Qd7 22. Bg5+ f6 23. exf6+ gxf6 24. Bxf6+ 1-0

[Event "Poznan op 25th"]
[Site "Poznan"]
[Date "2017.08.25"]
[Round "7"]
[White "Duszczak, Dariusz"]
[Black "Madrawski, Krzysztof"]
[Result "0-1"]
[WhiteElo "1892"]
[BlackElo "2043"]
[PlyCount "70"]
[EventDate "2017.08.20"]
[EventType "swiss"]
[EventRounds "9"]
[EventCountry "POL"]
[SourceTitle "CBM 180 Extra"]
[Source "ChessBase"]
[SourceDate "2017.10.06"]
[SourceVersion "1"]
[SourceVersionDate "2017.10.06"]
[SourceQuality "1"]

1. f4 d5 2. Nf3 Nf6 3. e3 g6 4. d4 Bg7 5. Bd3 0-0 6. 0-0 Bf5 7. Bxf5 gxf5 8. Ne5 Nbd7 9. Nd2 e6 10. b3 c5 11. Bb2 Nxe5 12. fxe5 Ng4 13. Rf3 f6 14. exf6 Qxf6 15. Qe2 Rac8 16. c4 Qd8 17. Rd1 Qc7 18. Rh3 Rfd8 19. Nf3 dxc4 20. Qxc4 Rd5 21. Ng5 Qd7 22. Qe2 cxd4 23. e4 Rd6 24. exf5 exf5 25. Rhd3 Ne3 26. R1d2 f4 27. Qf3 Qf5 28. Qxb7 Rdc6 29. h4 h6 30. Nf3 Qg4 31. Ne1 Qg3 32. Re2 f3 33. Rf2 Be5 34. Nxf3 Rc1+ 35. Bxc1 Rxc1+ 0-1

[Event "Poznan op 25th"]
[Site "Poznan"]
[Date "2017.08.24"]
[Round "6"]
[White "Madrawski, Krzysztof"]
[Black "Szymanski, Zbigniew"]
[Result "1-0"]
[WhiteElo "2043"]
[BlackElo "1844"]
[PlyCount "97"]
[EventDate "2017.08.20"]
[EventType "swiss"]
[EventRounds "9"]
[EventCountry "POL"]
[SourceTitle "CBM 180 Extra"]
[Source "ChessBase"]
[SourceDate "2017.10.06"]
[SourceVersion "1"]
[SourceVersionDate "2017.10.06"]
[SourceQuality "1"]

1. e4 e6 2. d4 d5 3. e5 c5 4. c3 Qb6 5. Nf3 Nc6 6. a3 c4 7. g3 Bd7 8. Nbd2 Na5 9. Bg2 Ne7 10. 0-0 Qc7 11. Rb1 Nc8 12. Ne1 Nb6 13. f4 g6 14. Qe2 Na4 15. Nc2 Be7 16. Ne3 Bc6 17. Nf3 Bxa3 18. bxa3 Nxc3 19. Qc2 Nxb1 20. Qxb1 Nb3 21. Bb2 h5 22. g4 hxg4 23. Nxg4 0-0-0 24. Bc3 a5 25. Qe1 b6 26. Ng5 Qe7 27. Ne3 Kc7 28. Bf3 Rd7 29. Nc2 Qf8 30. Kg2 Qh6 31. Rh1 Qh4 32. Qxh4 Rxh4 33. Kg3 Rh8 34. h4 Re7 35. h5 gxh5 36. Rxh5 Rxh5 37. Bxh5 Be8 38. f5 Kc6 39. f6 Rb7 40. Nxe6 Rb8 41. Ng7 Kd7 42. Ne3 b5 43. Nxd5 b4 44. axb4 axb4 45. Nxb4 Nxd4 46. Bxd4 Rxb4 47. e6+ fxe6 48. Bxe8+ Kd8 49. f7 1-0

[Event "Poznan op 24th"]
[Site "Poznan"]
[Date "2016.08.14"]
[Round "8"]
[White "Madrawski, Krzysztof"]
[Black "Kyc, Jerzy"]
[Result "0-1"]
[WhiteElo "2012"]
[BlackElo "2221"]
[PlyCount "96"]
[EventDate "2016.08.08"]
[EventType "swiss"]
[EventRounds "9"]
[EventCountry "POL"]
[SourceTitle "EXT 2017"]
[Source "ChessBase"]
[SourceDate "2016.10.25"]
[SourceVersion "1"]
[SourceVersionDate "2016.10.25"]
[SourceQuality "1"]

1. Nf3 Nf6 2. g3 g6 3. Bg2 Bg7 4. d4 0-0 5. 0-0 d5 6. Nc3 Ne4 7. Nxe4 dxe4 8. Ng5 f5 9. c3 e6 10. Qb3 Qd5 11. Qc2 c5 12. dxc5 Qxc5 13. Be3 Qc4 14. f3 h6 15. Nh3 exf3 16. exf3 e5 17. Qd2 Kh7 18. Rfd1 Nc6 19. Bf1 Qf7 20. f4 e4 21. Nf2 Rd8 22. Qc2 Be6 23. Rxd8 Rxd8 24. Qa4 a6 25. Be2 Ne7 26. Nd1 Rd6 27. h4 Nd5 28. Bf2 b5 29. Qc2 Nb6 30. b3 Qd7 31. Be1 Qd8 32. Rc1 g5 33. hxg5 hxg5 34. Ne3 gxf4 35. gxf4 Bh6 36. Ng2 Qg8 37. Kh2 Nd5 38. Bg3 Bf7 39. Rg1 Bg7 40. Nh4 Rh6 41. Bf1 Qd8 42. Rh1 Bf6 43. Bh3 Bxh4 44. Bxf5+ Kh8 45. Qxe4 Nxc3 46. Qe1 Bf6+ 47. Kg1 Rxh1+ 48. Kxh1 Qd5+ 0-1

[Event "POL-chT U19 1st League"]
[Site "Ustron"]
[Date "2015.08.02"]
[Round "9.8"]
[White "Madrawski, Krzysztof"]
[Black "Karwowski, Kacper"]
[Result "0-1"]
[WhiteElo "1972"]
[BlackElo "2021"]
[PlyCount "76"]
[EventDate "2015.07.25"]
[EventType "team-tourn"]
[EventRounds "9"]
[EventCountry "POL"]
[SourceTitle "EXT 2018"]
[Source "ChessBase"]
[SourceDate "2017.10.13"]
[SourceVersion "1"]
[SourceVersionDate "2017.10.13"]
[SourceQuality "1"]
[WhiteTeam "Zary ZKSz U19"]
[BlackTeam "Grzybowo GKSz Solny U19"]
[WhiteTeamCountry "POL"]
[BlackTeamCountry "POL"]

1. e4 c5 2. Nf3 d6 3. d4 Nf6 4. Nc3 cxd4 5. Nxd4 a6 6. h3 e5 7. Nde2 h5 8. g3 b5 9. Bg2 Bb7 10. 0-0 Nbd7 11. Nd5 Nxd5 12. exd5 Be7 13. Be3 h4 14. g4 Bg5 15. Qd3 Rc8 16. Qf5 Bxe3 17. fxe3 Qe7 18. Nc3 g6 19. Qf2 b4 20. Ne4 Rf8 21. g5 Bxd5 22. Nxd6+ Qxd6 23. Rad1 e4 24. Bxe4 Rc5 25. Qxh4 Qe5 26. Bxd5 Rxd5 27. Rxd5 Qxd5 28. Qg3 Ke7 29. Qf4 a5 30. Rf2 Rd8 31. h4 Qe6 32. b3 Ne5 33. Rg2 Rd1+ 34. Kh2 Re1 35. Kg3 Rh1 36. Kf2 Qd5 37. e4 Qd4+ 38. Qe3 Rf1+ 0-1

[Event "POL-chT U19 1st League"]
[Site "Ustron"]
[Date "2015.07.28"]
[Round "4.20"]
[White "Madrawski, Krzysztof"]
[Black "Powalka, Michal"]
[Result "1-0"]
[WhiteElo "1972"]
[BlackElo "1975"]
[PlyCount "67"]
[EventDate "2015.07.25"]
[EventType "team-tourn"]
[EventRounds "9"]
[EventCountry "POL"]
[SourceTitle "EXT 2018"]
[Source "ChessBase"]
[SourceDate "2017.10.13"]
[SourceVersion "1"]
[SourceVersionDate "2017.10.13"]
[SourceQuality "1"]
[WhiteTeam "Zary ZKSz U19"]
[BlackTeam "Victoria Komplexbud U19"]
[WhiteTeamCountry "POL"]
[BlackTeamCountry "POL"]

1. e4 e5 2. Nf3 Nc6 3. d4 exd4 4. Bc4 Nf6 5. e5 d5 6. Bb5 Ne4 7. Nxd4 Bc5 8. 0-0 0-0 9. Bxc6 bxc6 10. f3 Ng5 11. Be3 Ne6 12. Kh1 Bxd4 13. Bxd4 c5 14. Bf2 Qg5 15. Bg3 Bb7 16. f4 Qf5 17. Nd2 f6 18. Nf3 fxe5 19. Nh4 Qf6 20. fxe5 Qg5 21. c3 Bc6 22. Qe2 Rfb8 23. Rf5 Qe7 24. Qd2 d4 25. Rf2 Qd7 26. Nf5 Rf8 27. Bh4 Rf7 28. Raf1 Bb5 29. Nh6+ gxh6 30. Rxf7 Qd5 31. Qxh6 Bd3 32. Re7 Bg6 33. Bf6 Qc4 34. Kg1 1-0

[Event "POL-chT U19 1st League"]
[Site "Ustron"]
[Date "2015.07.26"]
[Round "2.14"]
[White "Madrawski, Krzysztof"]
[Black "Golenia, Jan"]
[Result "1-0"]
[WhiteElo "1972"]
[BlackElo "1792"]
[PlyCount "187"]
[EventDate "2015.07.25"]
[EventType "team-tourn"]
[EventRounds "9"]
[EventCountry "POL"]
[SourceTitle "EXT 2018"]
[Source "ChessBase"]
[SourceDate "2017.10.13"]
[SourceVersion "1"]
[SourceVersionDate "2017.10.13"]
[SourceQuality "1"]
[WhiteTeam "Zary ZKSz U19"]
[BlackTeam "Wieliczka MKS MOS U19 II"]
[WhiteTeamCountry "POL"]
[BlackTeamCountry "POL"]

1. e4 e5 2. Nf3 Nc6 3. d4 exd4 4. c3 d5 5. exd5 Qxd5 6. cxd4 Bg4 7. Be2 0-0-0 8. Be3 Nf6 9. Nc3 Bb4 10. 0-0 Qd7 11. a3 Ba5 12. Na4 Bb6 13. Nxb6+ axb6 14. Qa4 Kb8 15. Rfd1 Nd5 16. h3 Bf5 17. Bb5 Qe6 18. Bxc6 bxc6 19. Ne5 Kb7 20. Rac1 Ne7 21. Qc4 Qxc4 22. Nxc4 f6 23. Kf1 Nd5 24. Rd2 Rhe8 25. b3 Ra8 26. b4 Be6 27. Rdc2 Bf5 28. Rd2 Be4 29. h4 Nxe3+ 30. fxe3 Bd5 31. Rd3 Re4 32. g3 g5 33. hxg5 Rg8 34. Nd2 Rg4 35. e4 Bxe4 36. Nxe4 Rxe4 37. gxf6 Rf8 38. Rf3 Re6 39. Rcc3 Rfxf6 40. Rxf6 Rxf6+ 41. Ke2 Rg6 42. Kf3 h5 43. Re3 Rf6+ 44. Kg2 Rg6 45. Re4 Kc8 46. Kh3 b5 47. Kh4 Kd7 48. Re3 Rh6 49. Re5 Rd6 50. Kxh5 Rxd4 51. Re3 Rd5+ 52. Kh4 c5 53. bxc5 Rxc5 54. g4 Rc4 55. Kh5 b4 56. axb4 Rxb4 57. g5 c5 58. g6 Kd6 59. Rf3 Rb8 60. Rf5 Rg8 61. Kh6 Rh8+ 62. Kg7 Rc8 63. Kh7 Ke6 64. Rh5 Kf6 65. g7 Rc7 66. Rh6+ Ke5 67. Rc6 Rxc6 68. g8Q c4 69. Qe8+ Kd5 70. Qd7+ Kc5 71. Qd2 Rd6 72. Qa5+ Kd4 73. Qc7 Rd5 74. Kg6 c3 75. Kf6 Rc5 76. Qf4+ Kd3 77. Qd6+ Kc4 78. Qd1 Rd5 79. Qa4+ Kd3 80. Qd1+ Kc4 81. Qe2+ Kb3 82. Qe6 Kc4 83. Qc6+ Rc5 84. Qe4+ Kb3 85. Qb1+ Kc4 86. Ke6 Rb5 87. Qa2+ Kd3 88. Qa4 Rb2 89. Kd5 Kd2 90. Qd4+ Kc2 91. Kc4 Kc1 92. Kxc3 Rc2+ 93. Kb3 Rd2 94. Qa1# 1-0

[Event "POL-chT U19 1st League"]
[Site "Maslow Pierwszy"]
[Date "2014.07.30"]
[Round "6"]
[White "Mirski, Michal"]
[Black "Madrawski, Krzysztof"]
[Result "1/2-1/2"]
[WhiteElo "1853"]
[BlackElo "1769"]
[PlyCount "80"]
[EventDate "2014.07.25"]
[EventType "team-tourn"]
[EventRounds "9"]
[EventCountry "POL"]
[SourceTitle "EXT 2015"]
[Source "ChessBase"]
[SourceDate "2014.11.20"]
[SourceVersion "1"]
[SourceVersionDate "2014.11.20"]
[SourceQuality "1"]
[WhiteTeam "Trzebinia UKS Hetman Koronny U19"]
[BlackTeam "Zary ZKSz U19"]
[WhiteTeamCountry "POL"]
[BlackTeamCountry "POL"]

1. e4 e6 2. d4 d5 3. Nd2 Nf6 4. e5 Nfd7 5. Bd3 c5 6. c3 Nc6 7. Ne2 cxd4 8. cxd4 Nb6 9. a3 a5 10. b3 Bd7 11. 0-0 Be7 12. Bb2 a4 13. b4 Na7 14. Nc3 0-0 15. f4 Rc8 16. Rc1 Qe8 17. Qh5 f5 18. Qe2 Kh8 19. Kh1 Na8 20. Rf3 b5 21. Rg1 Nb6 22. Rh3 Bc6 23. Qf2 Rc7 24. Be2 Nac8 25. Bf3 Bd8 26. Nd1 Nc4 27. Nxc4 dxc4 28. Nc3 Nb6 29. Rd1 Nd5 30. Bxd5 Bxd5 31. Nxd5 exd5 32. Re3 Qe6 33. Rf1 Rcf7 34. Rf3 h5 35. h3 g6 36. Bc3 Rh7 37. Qe2 Kg7 38. Be1 Kf7 39. Bf2 Rfh8 40. Qe1 h4 1/2-1/2

[Event "POL-chT U19 1st League"]
[Site "Karpacz"]
[Date "2013.07.22"]
[Round "1"]
[White "Wieczorek, Mateusz"]
[Black "Madrawski, Krzysztof"]
[Result "0-1"]
[WhiteElo "1684"]
[BlackElo "1769"]
[PlyCount "84"]
[EventDate "2013.07.22"]
[EventType "team-tourn"]
[EventRounds "9"]
[EventCountry "POL"]
[SourceTitle "EXT 2014"]
[Source "ChessBase"]
[SourceDate "2013.11.20"]
[SourceVersion "1"]
[SourceVersionDate "2013.11.20"]
[SourceQuality "1"]
[WhiteTeam "Raciborz KSz Silesia U19"]
[BlackTeam "Zary ZKSz U19"]
[WhiteTeamCountry "POL"]
[BlackTeamCountry "POL"]

1. Nf3 e6 2. g3 d5 3. Bg2 c5 4. d3 Nc6 5. 0-0 Nf6 6. Nbd2 Be7 7. e4 0-0 8. c3 Qc7 9. Re1 b6 10. Nf1 Rd8 11. Qc2 dxe4 12. dxe4 Ba6 13. c4 Nb4 14. Qc3 Bb7 15. Bf4 Qd7 16. a3 Nd3 17. Ne5 Nxe5 18. Bxe5 Qd3 19. Bxf6 Bxf6 20. Qxd3 Rxd3 21. e5 Bxg2 22. Kxg2 Be7 23. f4 Rad8 24. Kf2 f6 25. Re3 Rxe3 26. Kxe3 fxe5 27. fxe5 Bg5+ 28. Kf3 h5 29. Re1 Rd4 30. h4 Bh6 31. Ne3 Kf7 32. b4 Bxe3 33. Rxe3 Rxc4 34. bxc5 Rxc5 35. Ke4 Rc4+ 36. Kd3 Ra4 37. Kc2 Kg6 38. Kb3 Ra5 39. Kb4 Kf5 40. a4 Rxe5 41. Rxe5+ Kxe5 42. Kb5 Kd5 0-1

[Event "Szklarska Poreba op"]
[Site "Szklarska Poreba"]
[Date "2013.05.29"]
[Round "5"]
[White "Madrawski, Krzysztof"]
[Black "Cyra, Dariusz"]
[Result "1/2-1/2"]
[WhiteElo "1769"]
[BlackElo "1812"]
[PlyCount "80"]
[EventDate "2013.05.25"]
[EventType "swiss"]
[EventRounds "9"]
[EventCountry "POL"]
[SourceTitle "EXT 2014"]
[Source "ChessBase"]
[SourceDate "2013.11.20"]
[SourceVersion "1"]
[SourceVersionDate "2013.11.20"]
[SourceQuality "1"]

1. e4 e5 2. Nf3 Nc6 3. Bb5 Nge7 4. 0-0 a6 5. Ba4 d6 6. h3 Bd7 7. c3 Ng6 8. d4 Be7 9. Nbd2 0-0 10. Re1 b5 11. Bc2 Bg5 12. Nxg5 Qxg5 13. Nf3 Qh5 14. d5 Nce7 15. Ng5 Qxd1 16. Rxd1 h6 17. Nf3 f5 18. b3 Rab8 19. Ba3 Rf7 20. c4 b4 21. Bc1 fxe4 22. Bxe4 Nf4 23. Re1 Neg6 24. a3 Bf5 25. Bxf4 Nxf4 26. Nd2 Bxe4 27. Nxe4 a5 28. Re3 Rb7 29. Kh2 Rf8 30. axb4 axb4 31. Ra4 Ng6 32. Re1 Nf4 33. Re3 Ng6 34. Re1 Nf4 35. Re3 Ng6 36. Re1 Ne7 37. Rea1 Nf5 38. f3 Nd4 39. Nd2 Ne2 40. Ra7 Rfb8 1/2-1/2

[Event "POL-ch U16"]
[Site "Szczyrk"]
[Date "2013.??.??"]
[Round "9"]
[White "Czerw, Dawid"]
[Black "Madrawski, Krzysztof"]
[Result "1-0"]
[WhiteElo "1947"]
[BlackElo "1711"]
[PlyCount "89"]
[EventDate "2013.03.17"]
[EventType "swiss"]
[EventRounds "9"]
[EventCountry "POL"]
[SourceTitle "CBM 153 Extra"]
[Source "ChessBase"]
[SourceDate "2013.04.22"]
[SourceVersion "1"]
[SourceVersionDate "2013.04.22"]
[SourceQuality "1"]

1. d4 c5 2. d5 e5 3. c4 d6 4. e4 Be7 5. Ne2 Bg5 6. Nd2 Nh6 7. Nc3 0-0 8. Be2 f5 9. a3 Nd7 10. Bf3 a6 11. g3 Nb6 12. b3 fxe4 13. Ncxe4 Be7 14. Qe2 Nf5 15. Bb2 Nd7 16. Bg2 Nf6 17. 0-0 Nxe4 18. Nxe4 Nd4 19. Qd3 Bg4 20. f3 Bf5 21. b4 b6 22. Bc3 Qd7 23. Rab1 Rab8 24. Bd2 Qa4 25. Rfc1 Rfc8 26. Be3 Qd7 27. f4 Bf6 28. Bxd4 exd4 29. Re1 Re8 30. Re2 Bg4 31. Bf3 Be7 32. Rbe1 Bf5 33. Bh5 g6 34. Bf3 Kg7 35. Rg2 Bh3 36. Rge2 Bf5 37. Qd2 Bf6 38. Nxf6 Kxf6 39. g4 Rxe2 40. Qxe2 d3 41. Qb2+ Kf7 42. gxf5 Qxf5 43. Qd2 Rg8 44. Qe3 Qf6 45. Qe6+ 1-0